[Event "MEX ol U16 Girls"]
[Site "Guanajuato"]
[Date "2002.07.14"]
[Round "2"]
[White "Pacheco Silvestre, Keren"]
[Black "Ramirez Cardenas, Flor"]
[Result "1-0"]
[WhiteElo "1521"]
[BlackElo "1256"]
[PlyCount "123"]
[EventDate "2002.07.13"]
[EventType "swiss"]
[EventRounds "6"]
[EventCountry "MEX"]
[SourceTitle "EXT 2003"]
[Source "ChessBase"]
[SourceDate "2002.11.25"]
[SourceVersion "1"]
[SourceVersionDate "2002.11.25"]
[SourceQuality "1"]

1. e4 e5 2. Nf3 d6 3. d4 Nf6 4. Nc3 exd4 5. Nxd4 Be7 6. Bc4 Nc6 7. Bb5 Bd7 8. 0-0 h6 9. Re1 Nxd4 10. Qxd4 Bxb5 11. Nxb5 Qd7 12. Nc3 0-0 13. Re3 c5 14. Qd1 Qg4 15. Qxg4 Nxg4 16. Rg3 h5 17. Nd5 Bh4 18. Rf3 Rfe8 19. g3 Bd8 20. Nc3 Ba5 21. Bf4 Rad8 22. Re1 d5 23. h3 dxe4 24. Rxe4 Bxc3 25. Rxe8+ Rxe8 26. Rxc3 Ne5 27. Rxc5 Nf3+ 28. Kg2 Ne1+ 29. Kf1 b6 30. Rc7 a5 31. Be3 Nf3 32. Kg2 Ne1+ 33. Kf1 Nf3 34. Rb7 g5 35. Rxb6 a4 36. Rb4 f5 37. Rxa4 g4 38. hxg4 hxg4 39. Ra5 Rf8 40. Ra6 Kh7 41. Rc6 Nh2+ 42. Ke2 Nf3 43. a4 Ng1+ 44. Kf1 Nf3 45. Rh6+ Kg7 46. Rd6 Kf7 47. a5 Nh2+ 48. Ke2 Nf3 49. Rd7+ Ke6 50. Rh7 Ng1+ 51. Kf1 Nf3 52. Rh6+ Kf7 53. b4 Kg7 54. Rd6 Nh2+ 55. Kg2 Nf3 56. Bh6+ Kg8 57. Bxf8 Kxf8 58. a6 Ne1+ 59. Kf1 Nf3 60. a7 Nh2+ 61. Ke2 Ke7 62. Rh6 1-0